A framework for mangement

Shranjeno v:
Bibliografske podrobnosti
Glavni avtor: Gary Dessler
Format: Knjiga
Jezik:Undetermined
Izdano: Upper Saddle River, New Jersey Prentice-Hall 2002
Teme:
Oznake: Označite
Brez oznak, prvi označite!
Thư viện lưu trữ: Trung tâm Học liệu Trường Đại học Cần Thơ
LEADER 00475nam a2200181Ia 4500
001 CTU_54339
008 210402s9999 xx 000 0 und d
020 |b 842000 
082 |a 658.4 
082 |b D475 
100 |a Gary Dessler 
245 2 |a A framework for mangement 
245 0 |c Gary Dessler 
260 |a Upper Saddle River, New Jersey 
260 |b Prentice-Hall 
260 |c 2002 
650 |a management 
980 |a Trung tâm Học liệu Trường Đại học Cần Thơ